[Event "SK Königsspringer Iserlohn 1 - SK Münst"]
[Site "NRW-Klasse, Gruppe 2 2014/201"]
[Date "2015.02.08"]
[Round "6.1"]
[White "Wolter, Kai"]
[Black "Scheider, Julian"]
[Result "1-0"]
[WhiteElo "2277"]
[BlackElo "2283"]
[Annotator "Hausrath,Daniel"]
[PlyCount "59"]
[EventDate "2015.??.??"]
[WhiteTeam "SK Münster 1"]
[BlackTeam "SK Königsspringer Iserlohn 1"]

1. e4 c6 2. d4 d5 3. e5 Bf5 4. c3 e6 5. Be3 Qb6 6. Qb3 Nd7 7. Nd2 f6 8. f4 g5
9. Ngf3 gxf4 10. Bxf4 Bh6 11. Bxh6 Nxh6 12. exf6 Nxf6 13. Qxb6 axb6 14. h3 O-O
15. g4 Be4 16. Bg2 Bxf3 17. Bxf3 Nd7 18. O-O Nf7 19. a3 e5 20. dxe5 Ndxe5 21.
Bg2 $11 Nd6 22. Rxf8+ Rxf8 23. b3 Nd3 24. Bf1 Nc5 25. Re1 Nde4 26. Nxe4 Nxe4
27. c4 Rf3 28. cxd5 cxd5 29. a4 Rxb3 30. Rxe4 1-0

[Event "SK Königsspringer Iserlohn 1 - SK Münst"]
[Site "NRW-Klasse, Gruppe 2 2014/201"]
[Date "2015.02.08"]
[Round "6.2"]
[White "Schmuecker, Marcus"]
[Black "Kuijf, Marinus"]
[Result "1/2-1/2"]
[WhiteElo "2184"]
[BlackElo "2339"]
[PlyCount "55"]
[EventDate "2015.??.??"]
[WhiteTeam "SK Königsspringer Iserlohn 1"]
[BlackTeam "SK Münster 1"]

1. d4 d5 2. c4 e6 3. Nc3 c5 4. cxd5 cxd4 5. Qa4+ Bd7 6. Qxd4 exd5 7. Qxd5 Nc6
8. Nf3 Nf6 9. Qd1 Bc5 10. e3 Qe7 11. Be2 O-O 12. O-O Rfd8 13. Bd2 Bf5 14. Qa4
Nb4 15. Rac1 a6 16. a3 b5 17. Nxb5 axb5 18. Qxb5 Na6 19. b4 Ne4 20. bxc5 Nxd2
21. Nxd2 Rxd2 22. Bf3 Be4 23. Bxe4 Qxe4 24. Rc4 Qd3 25. Qc6 Qd5 26. Qxd5 Rxd5
27. c6 Nc7 28. Rb1 1/2-1/2

[Event "SK Königsspringer Iserlohn 1 - SK Münst"]
[Site "NRW-Klasse, Gruppe 2 2014/201"]
[Date "2015.02.08"]
[Round "6.3"]
[White "Webb, Laurence"]
[Black "Kramps, Rene"]
[Result "1-0"]
[WhiteElo "2225"]
[BlackElo "2039"]
[Annotator "Hausrath,Daniel"]
[PlyCount "91"]
[EventDate "2015.??.??"]
[WhiteTeam "SK Münster 1"]
[BlackTeam "SK Königsspringer Iserlohn 1"]

1. e4 e6 2. d4 d5 3. e5 c5 4. c3 Nc6 5. Nf3 Bd7 6. Be2 Nge7 7. Na3 cxd4 8. cxd4
Nf5 9. Nc2 Qb6 10. O-O Na5 11. Ne3 Nxe3 12. fxe3 Be7 13. Bd2 Bb5 14. Bxa5 Qxa5
15. Qd2 Qa6 16. Bxb5+ Qxb5 17. Rac1 O-O 18. Rc7 Bb4 19. Qc2 h6 20. Qb3 Qb6 21.
Rfc1 Ba5 22. Rxb7 Qxb3 23. Rxb3 Rfc8 24. Rxc8+ Rxc8 25. Rb5 Rc1+ 26. Kf2 Rc2+
27. Kf1 Bd2 28. Nxd2 Rxd2 29. a4 a5 30. b3 Rb2 31. h4 h5 32. Kg1 Kh7 $11 33.
Kh2 Kg6 34. Kg3 Kf5 35. Kf3 Rb1 36. Rb7 Kg6 37. g4 Rg1 38. gxh5+ Kxh5 39. Kf2
Rb1 40. Rxf7 Rxb3 41. Rxg7 Ra3 42. Kf3 Rxa4 43. Rh7+ Kg6 44. Re7 Rb4 45. Rxe6+
Kh5 46. Ra6 1-0

[Event "SK Königsspringer Iserlohn 1 - SK Münst"]
[Site "NRW-Klasse, Gruppe 2 2014/201"]
[Date "2015.02.08"]
[Round "6.4"]
[White "Franke, Thomas"]
[Black "Chilla, Jan Eric"]
[Result "1/2-1/2"]
[WhiteElo "2076"]
[BlackElo "2189"]
[PlyCount "55"]
[EventDate "2015.??.??"]
[WhiteTeam "SK Königsspringer Iserlohn 1"]
[BlackTeam "SK Münster 1"]

1. d4 Nf6 2. g3 c5 3. d5 b5 4. Bg2 Bb7 5. e4 d6 6. Ne2 e6 7. O-O exd5 8. exd5
Nbd7 9. Nf4 Be7 10. a4 bxa4 11. Nc3 O-O 12. Nxa4 Nb6 13. Re1 Re8 14. Nc3 a5 15.
b3 Bf8 16. Bb2 Rxe1+ 17. Qxe1 Nbd7 18. h4 g6 19. Nb5 Qe7 20. Qxe7 Bxe7 21. Bc3
Nb6 22. Rxa5 Rxa5 23. Bxa5 Nbxd5 24. c4 Nxf4 25. Bxb7 Ne2+ 26. Kg2 Nc1 27. Bc3
Nxb3 28. Nxd6 1/2-1/2

[Event "SK Königsspringer Iserlohn 1 - SK Münst"]
[Site "NRW-Klasse, Gruppe 2 2014/201"]
[Date "2015.02.08"]
[Round "6.5"]
[White "Molinaroli, Martin"]
[Black "Messarius, Juergen"]
[Result "0-1"]
[WhiteElo "2244"]
[BlackElo "2129"]
[Annotator "Hausrath,Daniel"]
[PlyCount "82"]
[EventDate "2015.??.??"]
[WhiteTeam "SK Münster 1"]
[BlackTeam "SK Königsspringer Iserlohn 1"]

1. b3 d5 2. Bb2 Bf5 3. e3 e6 4. Nf3 Nf6 5. c4 Nbd7 6. Nc3 Be7 7. Be2 Nc5 8. d4
Nce4 9. O-O Nxc3 10. Bxc3 Ne4 11. Bb2 c6 12. Ne5 f6 13. Nd3 Bd6 14. f3 Ng5 15.
Nf2 Qc7 16. f4 Ne4 17. Nxe4 Bxe4 18. Bd3 O-O 19. Bxe4 dxe4 20. Qc2 f5 21. Kh1
g5 22. g3 Be7 23. Rad1 Rad8 $11 24. Rd2 Bf6 25. Rfd1 Qg7 26. b4 h6 27. a4 Kh7
28. b5 Rg8 29. Rf1 gxf4 30. gxf4 Qg4 31. Bc1 cxb5 32. axb5 Rc8 33. c5 Qh3 34.
Rg2 b6 35. Rff2 Rxg2 36. Rxg2 bxc5 37. dxc5 Qf3 38. Kg1 Bh4 39. Qd2 Rd8 40. h3
Rxd2 41. Bxd2 Bg3 0-1

[Event "SK Königsspringer Iserlohn 1 - SK Münst"]
[Site "NRW-Klasse, Gruppe 2 2014/201"]
[Date "2015.02.08"]
[Round "6.6"]
[White "Klauke, Stefan"]
[Black "Kamp, Christoph"]
[Result "1/2-1/2"]
[WhiteElo "2090"]
[BlackElo "2164"]
[PlyCount "153"]
[EventDate "2015.??.??"]
[WhiteTeam "SK Königsspringer Iserlohn 1"]
[BlackTeam "SK Münster 1"]

1. e4 e6 2. d4 d5 3. Nc3 Bb4 4. exd5 exd5 5. Qf3 Qe7+ 6. Nge2 Nc6 7. Qxd5 Nf6
8. Qb5 Ne4 9. Be3 a6 10. Qd5 Bg4 11. a3 Bxe2 12. axb4 Bxf1 13. Kxf1 Nf6 14. Qg5
O-O 15. Qc5 Qxc5 16. bxc5 Nb4 17. Rc1 Rad8 18. Ke2 Rfe8 19. Rhd1 h6 20. Kf3 Rd7
21. Rd2 Kh7 22. h3 Kg6 23. Rcd1 Red8 24. Ne2 c6 25. Bf4 Nbd5 26. Be5 Nh7 27. h4
Nf8 28. Nf4+ Nxf4 29. Bxf4 Ne6 30. Be3 f5 31. g3 f4 32. gxf4 Kf5 33. c3 Nc7 34.
Rg1 Nd5 35. Re2 Re8 36. Ree1 Rde7 37. Ref1 Nxe3 38. fxe3 Rxe3+ 39. Kg2 R8e7 40.
Rf2 R7e4 41. Rgf1 Kg4 42. Rd1 Kxh4 43. d5 cxd5 44. Rxd5 Re7 45. f5 Re2 46. b4
Rxf2+ 47. Kxf2 Kg4 48. c4 Kf4 49. b5 axb5 50. cxb5 Ke4 51. f6 gxf6 52. Rd6 Ke5
53. Rb6 Rc7 54. Kf3 h5 55. c6 bxc6 56. bxc6 Kd6 57. Rb5 Rh7 58. Ra5 Rc7 59.
Rxh5 Rxc6 60. Rb5 Rc3+ 61. Ke4 Ke6 62. Rb6+ Kf7 63. Kf5 Rc5+ 64. Kf4 Kg6 65.
Re6 Rc4+ 66. Re4 Rc3 67. Re6 Rc1 68. Re3 Rc4+ 69. Kg3 Kg5 70. Rf3 Rg4+ 71. Kh3
Re4 72. Kg3 f5 73. Rd3 Rg4+ 74. Kh3 Rh4+ 75. Kg2 Re4 76. Rg3+ Rg4 77. Kf3
1/2-1/2

[Event "SK Königsspringer Iserlohn 1 - SK Münst"]
[Site "NRW-Klasse, Gruppe 2 2014/201"]
[Date "2015.02.08"]
[Round "6.7"]
[White "Rott, Georg"]
[Black "Schwanbeck, Christoph"]
[Result "0-1"]
[WhiteElo "2113"]
[BlackElo "2018"]
[PlyCount "72"]
[EventDate "2015.??.??"]
[WhiteTeam "SK Münster 1"]
[BlackTeam "SK Königsspringer Iserlohn 1"]

1. e4 d6 2. d4 Nf6 3. Nc3 e5 4. Nf3 Nbd7 5. Bc4 Be7 6. O-O O-O 7. Re1 c6 8. a4
Qc7 9. Ba2 a5 10. h3 h6 11. Be3 Re8 12. Qd2 Bf8 13. d5 Nb6 14. Qe2 Bd7 15. Bb3
Rec8 16. Nd2 cxd5 17. exd5 Bf5 18. Qf3 Bg6 19. Rac1 Nbd7 20. g4 Qd8 21. Qg3 Be7
22. Red1 Nc5 23. f3 Nh7 24. Qf2 Bh4 25. Qe2 Ng5 26. Kg2 f5 27. Nb5 Ra6 28. Nc4
f4 29. Bxc5 Rxc5 30. Nxe5 dxe5 31. Qxe5 Nf7 32. Qd4 Qe7 33. d6 Qe2+ 34. Kg1 Bg3
35. Nc3 Qh2+ 36. Kf1 Qh1+ 0-1

[Event "SK Königsspringer Iserlohn 1 - SK Münst"]
[Site "NRW-Klasse, Gruppe 2 2014/201"]
[Date "2015.02.08"]
[Round "6.8"]
[White "Schartau, Bernd"]
[Black "Wieder, Heiner"]
[Result "0-1"]
[WhiteElo "1926"]
[BlackElo "2061"]
[PlyCount "40"]
[EventDate "2015.??.??"]
[WhiteTeam "SK Königsspringer Iserlohn 1"]
[BlackTeam "SK Münster 1"]

1. d4 f5 2. g3 Nf6 3. Bg2 g6 4. c3 Bg7 5. Nh3 Nc6 6. O-O O-O 7. Bg5 d6 8. Qb3+
Kh8 9. Nd2 e5 10. dxe5 dxe5 11. e4 f4 12. Rad1 h6 13. Bxf6 Qxf6 14. Nf3 g5 15.
gxf4 g4 16. fxe5 Nxe5 17. Nxe5 Qxe5 18. f4 gxf3 19. Rd5 Qxe4 20. Qd1 Qe3+ 0-1

[Event "SF Katernberg 2 - Bahn-SC Wuppertal 1"]
[Site "NRW-Klasse, Gruppe 2 2014/201"]
[Date "2015.02.08"]
[Round "6.1"]
[White "Savchenko, Vyacheslav"]
[Black "Hoolt, Sarah"]
[Result "1-0"]
[WhiteElo "2358"]
[BlackElo "2291"]
[PlyCount "80"]
[EventDate "2015.??.??"]
[WhiteTeam "Bahn-SC Wuppertal 1"]
[BlackTeam "SF Katernberg 2"]

1. e4 c5 2. Nf3 e6 3. d4 cxd4 4. Nxd4 Nc6 5. Nc3 a6 6. Be3 Qc7 7. Qd2 Nf6 8. f3
Ne5 9. Nb3 b5 10. Qf2 Rb8 11. Ba7 Rb7 12. Bd4 Nc4 13. O-O-O e5 14. Be3 Nxb2 15.
Nxb5 axb5 16. Kxb2 d6 17. Qd2 Be6 18. Qa5 Qb8 19. Qa6 Bxb3 20. cxb3 Be7 21.
Qc6+ Kf8 22. Be2 h6 23. Rc1 Kg8 24. Qc8+ Kh7 25. Qxb8 Rhxb8 26. Rhd1 Rd8 27.
Rc6 d5 28. Rb6 Rxb6 29. Bxb6 Rd7 30. exd5 Rxd5 31. Rxd5 Nxd5 32. Ba7 b4 33. Bc4
Nc3 34. a4 f5 35. a5 Bd6 36. a6 e4 37. Bd4 Bb8 38. fxe4 fxe4 39. a7 Bxa7 40.
Bxa7 e3 1-0

[Event "SF Katernberg 2 - Bahn-SC Wuppertal 1"]
[Site "NRW-Klasse, Gruppe 2 2014/201"]
[Date "2015.02.08"]
[Round "6.2"]
[White "Rosen, Bernd"]
[Black "Khanukov, Boris"]
[Result "0-1"]
[WhiteElo "2281"]
[BlackElo "2201"]
[PlyCount "136"]
[EventDate "2015.??.??"]
[WhiteTeam "SF Katernberg 2"]
[BlackTeam "Bahn-SC Wuppertal 1"]

1. c4 Nf6 2. g3 c6 3. Bg2 d5 4. Nf3 Bg4 5. Ne5 Bh5 6. cxd5 cxd5 7. Qa4+ Nbd7 8.
Nc3 e6 9. g4 Bg6 10. h4 Bd6 11. d4 h6 12. Nxg6 fxg6 13. Qc2 Kf7 14. g5 hxg5 15.
Bxg5 Qc7 16. Qb3 Qb6 17. Nb5 Be7 18. Bf4 Rac8 19. Rh3 a6 20. Nd6+ Bxd6 21. Qxb6
Nxb6 22. Bxd6 Nc4 23. Bf4 Rc6 24. Rc1 Rhc8 25. b3 Na3 26. Rxc6 Rxc6 27. Rd3 Rc2
28. Be5 Rxa2 29. f3 Nb5 30. Bh3 Ra1+ 31. Kf2 Rc1 32. Bf4 Rc2 33. Ke1 a5 34. Bd2
b6 35. Kd1 Rc6 36. Bg2 Nd6 37. Bh3 Nf5 38. Bg5 b5 39. Kd2 b4 40. Bg2 Nd6 41. e4
Nb5 42. Bxf6 gxf6 43. exd5 exd5 44. f4 Nc3 45. f5 gxf5 46. Ke3 Ne4 47. Kf4 Rc3
48. Rd1 Rc2 49. Bf3 Rf2 50. Ra1 Nd2 51. Ke3 Rxf3+ 52. Kxd2 f4 53. Rxa5 Ke6 54.
Ra4 Rxb3 55. Kc2 Rc3+ 56. Kd2 Rc4 57. Kd3 Kf5 58. h5 Rc3+ 59. Kd2 Rh3 60. Rxb4
Rxh5 61. Ke2 Ke4 62. Rb6 Rh2+ 63. Kf1 f5 64. Rb4 f3 65. Ra4 Rd2 66. Ra8 Rxd4
67. Kf2 Rd2+ 68. Kf1 d4 0-1

[Event "SF Katernberg 2 - Bahn-SC Wuppertal 1"]
[Site "NRW-Klasse, Gruppe 2 2014/201"]
[Date "2015.02.08"]
[Round "6.3"]
[White "Savchenko, Aleksij"]
[Black "Bee, Marcus"]
[Result "1-0"]
[WhiteElo "2193"]
[BlackElo "2215"]
[Annotator "Hausrath,Daniel"]
[PlyCount "159"]
[EventDate "2015.??.??"]
[WhiteTeam "Bahn-SC Wuppertal 1"]
[BlackTeam "SF Katernberg 2"]

1. e4 e6 2. d4 d5 3. Nd2 Be7 4. Ngf3 Nf6 5. Bd3 c5 6. exd5 Qxd5 7. O-O cxd4 8.
Nb3 Nc6 9. Nfxd4 Nxd4 10. Nxd4 Bd7 11. c3 O-O 12. Qe2 Rfd8 13. Bc4 Qh5 14. Qxh5
Nxh5 $11 15. Re1 Rac8 16. Be2 Nf6 17. Bf3 b6 18. Bf4 Ne8 19. Bb7 Rc5 20. Rad1
Bd6 21. Be3 Rb8 22. Bf3 e5 23. Nb3 Rc7 24. Bd5 Bc6 25. f3 Rd8 26. Bf2 Bxd5 27.
Rxd5 Rcd7 28. Rd2 Bc7 29. Red1 Rxd2 30. Rxd2 Rxd2 31. Nxd2 f5 32. Nc4 Kf7 33.
Kf1 Ke6 34. Ke2 Nf6 35. g3 g5 36. a4 h5 37. a5 b5 38. Nd2 a6 39. b4 Kd5 40. Nb3
Nd7 41. Kd3 g4 42. fxg4 hxg4 43. Nd2 e4+ 44. Kc2 f4 45. gxf4 Bxf4 46. Nf1 Kc4
47. Be3 Be5 48. Bd2 Kd5 49. Ne3+ Ke6 50. Nxg4 Bb8 51. Kd1 Kf5 52. h3 Bg3 53.
Ke2 Bh4 54. Bh6 Be7 55. Ke3 Bh4 56. Kd4 Be1 57. Ne3+ Kg6 58. Bf4 Nf8 59. Be5
Nd7 60. Bd6 Kf6 61. Bf4 Nf8 62. Kxe4 Ng6 63. Nd5+ Ke6 64. Be3 Kd7 65. Bd4 Kd6
66. Ne3 Ke6 67. Ng2 Bg3 68. Kf3 Bd6 69. h4 Kf5 70. Ne3+ Ke6 71. h5 Ne5+ 72. Ke4
Nf7 73. Bg7 Ng5+ 74. Kd3 Kf7 75. Bd4 Ke6 76. Bg7 Kf7 77. Nf5 Bc7 78. h6 Kg6 79.
Nd4 Nf7 80. Ke4 1-0

[Event "SF Katernberg 2 - Bahn-SC Wuppertal 1"]
[Site "NRW-Klasse, Gruppe 2 2014/201"]
[Date "2015.02.08"]
[Round "6.4"]
[White "Valkyser, Martin"]
[Black "Tueckmantel, Rene"]
[Result "1/2-1/2"]
[WhiteElo "2184"]
[BlackElo "2116"]
[PlyCount "77"]
[EventDate "2015.??.??"]
[WhiteTeam "SF Katernberg 2"]
[BlackTeam "Bahn-SC Wuppertal 1"]

1. d4 Nf6 2. c4 c5 3. d5 b5 4. cxb5 a6 5. bxa6 Bxa6 6. Nc3 d6 7. Nf3 g6 8. g3
Bg7 9. Bg2 O-O 10. O-O Nbd7 11. Bd2 Nb6 12. Bg5 Bc4 13. e4 h6 14. Bd2 Nfd7 15.
Re1 Ba6 16. b3 Ne5 17. Nxe5 Bxe5 18. Rc1 Bg7 19. Be3 Nd7 20. Qc2 Ne5 21. Red1
Qa5 22. h3 c4 23. bxc4 Nxc4 24. Bd4 Bxd4 25. Rxd4 Rfc8 26. Rdd1 Rab8 27. Bf1
Rb2 28. Qd3 Qc5 29. Qd4 Qa5 30. Kg2 Rb4 31. Qd3 Rc7 32. Rb1 Rxb1 33. Rxb1 Kh7
34. Rb3 Qc5 35. Na4 Qa5 36. Nc3 Qc5 37. Na4 Qa5 38. Nc3 Qc5 39. Na4 1/2-1/2

[Event "SF Katernberg 2 - Bahn-SC Wuppertal 1"]
[Site "NRW-Klasse, Gruppe 2 2014/201"]
[Date "2015.02.08"]
[Round "6.5"]
[White "Werbeck, Torsten"]
[Black "Wessendorf, Thomas"]
[Result "0-1"]
[WhiteElo "2083"]
[BlackElo "2198"]
[PlyCount "72"]
[EventDate "2015.??.??"]
[WhiteTeam "Bahn-SC Wuppertal 1"]
[BlackTeam "SF Katernberg 2"]

1. d4 g6 2. c4 Bg7 3. Nf3 c5 4. g3 cxd4 5. Nxd4 Nc6 6. Nxc6 bxc6 7. Bg2 Rb8 8.
Qc2 Qa5+ 9. Nd2 Nf6 10. O-O O-O 11. Nb3 Qh5 12. Bf4 e5 13. Bd2 d5 14. cxd5 cxd5
15. Qc5 Qxe2 16. Rfe1 Qh5 17. Rxe5 Qxe5 18. Bf4 Qxb2 19. Bxb8 Ne4 20. Qxa7 Bf5
21. Rf1 Nc3 22. Bd6 Rc8 23. Kh1 Bd3 24. Re1 Ne4 25. Ba3 Qxa2 26. Nc1 Qxf2 27.
Qxf2 Nxf2+ 28. Kg1 Bd4 29. Bxd5 Ng4+ 30. Kh1 Rc2 31. Bg2 Nf2+ 32. Kg1 Bb5 33.
Nb3 Bb6 34. Rb1 Ng4+ 35. Kh1 Bc6 36. Bxc6 Rxh2# 0-1

[Event "SF Katernberg 2 - Bahn-SC Wuppertal 1"]
[Site "NRW-Klasse, Gruppe 2 2014/201"]
[Date "2015.02.08"]
[Round "6.6"]
[White "Gassmann, Volker"]
[Black "Bogorad, Michail"]
[Result "1/2-1/2"]
[WhiteElo "2131"]
[BlackElo "2020"]
[PlyCount "89"]
[EventDate "2015.??.??"]
[WhiteTeam "SF Katernberg 2"]
[BlackTeam "Bahn-SC Wuppertal 1"]

1. c4 c5 2. Nc3 Nc6 3. g3 g6 4. Bg2 Bg7 5. a3 d6 6. Nf3 Nh6 7. O-O Nf5 8. Rb1
a5 9. e3 h5 10. h4 Bd7 11. Re1 Rb8 12. b3 O-O 13. Bb2 e5 14. Nb5 Be6 15. Ng5
Bf6 16. Nxe6 fxe6 17. Qc2 Kh7 18. Re2 Qe7 19. Nc3 Rbd8 20. Qd3 Rf7 21. Ne4 Kh6
22. Nxf6 Rxf6 23. Bxc6 bxc6 24. Qe4 Rb8 25. Bc3 Qc7 26. Kh2 Rb7 27. f4 Rf8 28.
fxe5 d5 29. cxd5 cxd5 30. Qa4 Ra8 31. e4 dxe4 32. Qxe4 Rab8 33. Qc4 Qc6 34. Rf2
Qd5 35. Qf4+ Kh7 36. g4 hxg4 37. Qxg4 Rg7 38. b4 axb4 39. axb4 cxb4 40. Rxb4
Rxb4 41. Qxb4 g5 42. Qg4 gxh4 43. Qh5+ Kg8 44. Qe8+ Kh7 45. Qh5+ 1/2-1/2

[Event "SF Katernberg 2 - Bahn-SC Wuppertal 1"]
[Site "NRW-Klasse, Gruppe 2 2014/201"]
[Date "2015.02.08"]
[Round "6.7"]
[White "Peters, Ortwin"]
[Black "Villwock, Martin"]
[Result "0-1"]
[WhiteElo "1961"]
[BlackElo "2151"]
[Annotator "Hausrath,Daniel"]
[PlyCount "120"]
[EventDate "2015.??.??"]
[WhiteTeam "Bahn-SC Wuppertal 1"]
[BlackTeam "SF Katernberg 2"]

1. c4 Nf6 2. Nc3 g6 3. Nf3 Bg7 4. g3 O-O 5. Bg2 d6 6. O-O e5 7. d3 h6 8. Rb1 a5
9. a3 Re8 10. Qc2 c6 11. b4 axb4 12. axb4 d5 13. e4 Na6 14. cxd5 cxd5 15. b5
Nc7 16. Bd2 Bg4 17. h3 $11 Bxf3 18. Bxf3 d4 19. Na4 Ne6 20. Qb3 Bf8 21. Rfc1
Nd7 22. Bb4 Bxb4 23. Qxb4 Qa5 24. Bd1 b6 25. Qxa5 Rxa5 26. Rc6 Rb8 27. Bc2 Kf8
28. Kf1 Nec5 29. Nxc5 Nxc5 30. Rb2 Ra3 31. Ke2 Ke8 32. Kd2 Kd7 33. f3 Ra5 34.
Rf6 Ke7 35. Rc6 Ne6 36. Kc1 Ng5 37. f4 exf4 38. gxf4 Nxh3 39. Rc7+ Ke8 40. f5
gxf5 41. exf5 Nf4 42. Kd2 Ra1 43. Bb3 Rh1 44. Bxf7+ Kd8 45. Rbc2 Rh2+ 46. Kd1
Ng2 47. Kc1 Rh1+ 48. Kb2 Ne1 49. R2c6 Nxd3+ 50. Kb3 Ne5 51. Ra7 Nxc6 52. bxc6
Rc1 53. Rd7+ Kc8 54. Bd5 Ra8 55. Be4 Ra5 56. Rxd4 Rb5+ 57. Ka2 Re5 58. Kb2 Re1
59. Bd5 Rxf5 60. Be4 Rf4 0-1

[Event "SF Katernberg 2 - Bahn-SC Wuppertal 1"]
[Site "NRW-Klasse, Gruppe 2 2014/201"]
[Date "2015.02.08"]
[Round "6.8"]
[White "Kaeding, Rainer"]
[Black "Bashilin, Roman"]
[Result "0-1"]
[WhiteElo "2129"]
[BlackElo "2201"]
[PlyCount "80"]
[EventDate "2015.??.??"]
[WhiteTeam "SF Katernberg 2"]
[BlackTeam "Bahn-SC Wuppertal 1"]

1. Nf3 d5 2. g3 c6 3. Bg2 Bf5 4. c4 e6 5. cxd5 exd5 6. Qb3 Qb6 7. Qxb6 axb6 8.
d3 Nf6 9. Nd4 Bg6 10. f4 Bc5 11. Be3 O-O 12. Kd2 Re8 13. Nc2 Na6 14. Bxc5 Nxc5
15. Nc3 b5 16. b4 Na4 17. Nxa4 Rxa4 18. a3 Bf5 19. Rhe1 h5 20. h3 Bd7 21. e4
dxe4 22. dxe4 Be6 23. f5 Bc4 24. Kc3 Nd7 25. Rad1 Ne5 26. Rd4 Rea8 27. Red1
Rxa3+ 28. Nxa3 Rxa3+ 29. Kb2 Ra2+ 30. Kb1 Rxg2 31. Rd8+ Kh7 32. Re8 Nd3 33. e5
Re2 34. e6 fxe6 35. f6 gxf6 36. Rf1 f5 37. g4 hxg4 38. hxg4 fxg4 39. Rf7+ Kg6
40. Rxb7 Bb3 0-1

[Event "SG Bochum 2 - Gütersloher SV 1"]
[Site "NRW-Klasse, Gruppe 2 2014/201"]
[Date "2015.02.08"]
[Round "6.1"]
[White "Grochtmann, Stephan"]
[Black "Kotainy, Jens"]
[Result "0-1"]
[WhiteElo "2084"]
[BlackElo "2335"]
[PlyCount "54"]
[EventDate "2015.??.??"]
[WhiteTeam "Gütersloher SV 1"]
[BlackTeam "SG Bochum 2"]

1. e4 e6 2. b3 c5 3. Nf3 Nc6 4. Bb5 Nf6 5. e5 Nd5 6. Bxc6 bxc6 7. O-O Be7 8. c4
Nb6 9. Nc3 f6 10. Ba3 fxe5 11. Nxe5 O-O 12. Ne4 Rf5 13. d4 cxd4 14. Bxe7 Qxe7
15. Qxd4 c5 16. Qc3 d6 17. Nd3 Bb7 18. Rfe1 Raf8 19. Rad1 Rh5 20. Ng3 Rh6 21.
Re3 e5 22. f3 Qh4 23. Nf1 Nc8 24. Nf2 Ne7 25. Ng4 Rg6 26. Ng3 Nc6 27. Qe1 Nd4
0-1

[Event "SG Bochum 2 - Gütersloher SV 1"]
[Site "NRW-Klasse, Gruppe 2 2014/201"]
[Date "2015.02.08"]
[Round "6.2"]
[White "Tkachuk, Konstantyn"]
[Black "Ebert, Manuel"]
[Result "1/2-1/2"]
[WhiteElo "2257"]
[BlackElo "2124"]
[PlyCount "65"]
[EventDate "2015.??.??"]
[WhiteTeam "SG Bochum 2"]
[BlackTeam "Gütersloher SV 1"]

1. e4 c5 2. Nf3 e6 3. d4 cxd4 4. Nxd4 a6 5. c4 Nf6 6. Nc3 Qc7 7. Bd3 b6 8. Be3
Bb7 9. O-O d6 10. Rc1 Nbd7 11. Qe2 Be7 12. f4 Rc8 13. b3 O-O 14. Bb1 Qb8 15.
Bf2 Rfe8 16. Bg3 g6 17. f5 exf5 18. exf5 Bf8 19. Qd2 Bg7 20. Nde2 Qa8 21. Nf4
Nc5 22. Nfd5 Bxd5 23. Nxd5 Nxd5 24. cxd5 Ne4 25. Bxe4 Rxe4 26. Rxc8+ Qxc8 27.
fxg6 hxg6 28. Bxd6 Qd8 29. Qc2 Rd4 30. Bc7 Qxd5 31. Bxb6 Rd2 32. Qc8+ Bf8 33.
Qg4 1/2-1/2

[Event "SG Bochum 2 - Gütersloher SV 1"]
[Site "NRW-Klasse, Gruppe 2 2014/201"]
[Date "2015.02.08"]
[Round "6.3"]
[White "Plaßmann, Dominik"]
[Black "Dahm, Jochen"]
[Result "1-0"]
[WhiteElo "2071"]
[BlackElo "2220"]
[PlyCount "45"]
[EventDate "2015.??.??"]
[WhiteTeam "Gütersloher SV 1"]
[BlackTeam "SG Bochum 2"]

1. e4 e5 2. Nf3 Nc6 3. c3 f5 4. d4 fxe4 5. Nxe5 Nf6 6. Bb5 Nb8 7. Qb3 Qe7 8.
Bg5 c6 9. Be2 d6 10. Bh5+ g6 11. Bg4 Bf5 12. Bxf5 gxf5 13. Bxf6 Qxf6 14. Qxb7
dxe5 15. Qxa8 Bd6 16. Qxa7 Qg5 17. Nd2 e3 18. fxe3 Qxe3+ 19. Kd1 O-O 20. Re1
Qf2 21. Rf1 Qe3 22. Rf3 Qh6 23. Rh3 1-0

[Event "SG Bochum 2 - Gütersloher SV 1"]
[Site "NRW-Klasse, Gruppe 2 2014/201"]
[Date "2015.02.08"]
[Round "6.4"]
[White "Schlawin, Marlon"]
[Black "Hanhoerster, Stephan"]
[Result "1/2-1/2"]
[WhiteElo "2222"]
[BlackElo "2081"]
[PlyCount "89"]
[EventDate "2015.??.??"]
[WhiteTeam "SG Bochum 2"]
[BlackTeam "Gütersloher SV 1"]

1. e4 c5 2. Nf3 d6 3. Bc4 Nf6 4. d3 e6 5. O-O Be7 6. Bb3 O-O 7. c3 Nc6 8. Nbd2
Qc7 9. Re1 e5 10. Nf1 Na5 11. Bc2 b5 12. Bg5 h6 13. Bd2 Rb8 14. a3 Nc6 15. Ng3
Re8 16. Nh4 Bf8 17. Nhf5 b4 18. axb4 cxb4 19. Ba4 bxc3 20. Bxc3 g6 21. Ne3 Bd7
22. Rc1 Qd8 23. Ne2 Nb4 24. Bxd7 Qxd7 25. Qd2 d5 26. exd5 Nfxd5 27. d4 Nxe3 28.
fxe3 Na2 29. Ra1 Nxc3 30. bxc3 exd4 31. exd4 Rb6 32. Rf1 Qb7 33. Rf2 Rb2 34.
Qd3 Bg7 35. Raf1 Re7 36. h3 a5 37. Qc4 Qe4 38. Rxf7 Rxf7 39. Qxf7+ Kh7 40. Nf4
g5 41. Qe6 Qc2 42. Ne2 Qxe2 43. Qf5+ Kh8 44. Qc8+ Kh7 45. Qf5+ 1/2-1/2

[Event "SG Bochum 2 - Gütersloher SV 1"]
[Site "NRW-Klasse, Gruppe 2 2014/201"]
[Date "2015.02.08"]
[Round "6.5"]
[White "Janyska, Dennis"]
[Black "Kitte, Sebastian"]
[Result "1/2-1/2"]
[WhiteElo "1998"]
[BlackElo "2204"]
[PlyCount "24"]
[EventDate "2015.??.??"]
[WhiteTeam "Gütersloher SV 1"]
[BlackTeam "SG Bochum 2"]

1. d4 Nf6 2. Bg5 d5 3. e3 c6 4. Bd3 Nbd7 5. Nf3 g6 6. c4 Bg7 7. Nc3 dxc4 8.
Bxc4 O-O 9. O-O c5 10. dxc5 Nxc5 11. Qxd8 Rxd8 12. Rfd1 Be6 1/2-1/2

[Event "SG Bochum 2 - Gütersloher SV 1"]
[Site "NRW-Klasse, Gruppe 2 2014/201"]
[Date "2015.02.08"]
[Round "6.7"]
[White "Krueger, Tim"]
[Black "Tkachuk, Sergij"]
[Result "1/2-1/2"]
[WhiteElo "2036"]
[BlackElo "2142"]
[Annotator "Hausrath,Daniel"]
[PlyCount "71"]
[EventDate "2015.??.??"]
[WhiteTeam "Gütersloher SV 1"]
[BlackTeam "SG Bochum 2"]

1. d4 Nf6 2. Nf3 g6 3. Nc3 d5 4. Bf4 Bg7 5. e3 O-O 6. Be2 b6 7. Ne5 Bb7 8. h4
Nfd7 9. h5 Nxe5 10. Bxe5 Nd7 11. Bxg7 Kxg7 12. Bf3 Nf6 13. hxg6 hxg6 14. Qd2
Rh8 15. O-O-O Qd7 16. Qd3 Ng4 17. Qd2 Qf5 18. Bxg4 Qxg4 19. f3 Qg3 20. Rdg1 e6
21. Nd1 Rh2 22. Qf2 Qxf2 23. Nxf2 Rah8 24. Rxh2 Rxh2 25. Ng4 $11 Rh5 26. Nf2
Ba6 27. Kd2 c5 28. c3 f5 29. f4 Kf6 $11 30. Rh1 Rxh1 31. Nxh1 Bf1 32. g3 c4 33.
Nf2 g5 34. Ke1 Bg2 35. fxg5+ Kxg5 36. Kd2 1/2-1/2

[Event "SG Bochum 2 - Gütersloher SV 1"]
[Site "NRW-Klasse, Gruppe 2 2014/201"]
[Date "2015.02.08"]
[Round "6.8"]
[White "Werthebach, Felix"]
[Black "Minosjan, Artur"]
[Result "1-0"]
[WhiteElo "2147"]
[BlackElo "1999"]
[PlyCount "53"]
[EventDate "2015.??.??"]
[WhiteTeam "SG Bochum 2"]
[BlackTeam "Gütersloher SV 1"]

1. c4 d6 2. g3 e5 3. Bg2 f5 4. Nc3 Nf6 5. d3 Be7 6. Nf3 O-O 7. O-O Qe8 8. Nd2
Nc6 9. Rb1 f4 10. e3 Qg6 11. Nde4 Bg4 12. f3 fxg3 13. Nxf6+ Bxf6 14. fxg4 gxh2+
15. Kh1 Bh4 16. Rxf8+ Rxf8 17. Ne4 Ne7 18. Bd2 c6 19. Bb4 c5 20. Bd2 h5 21.
gxh5 Qf5 22. Qe2 Qd7 23. Rf1 Nf5 24. Bh3 Ng3+ 25. Nxg3 Qxh3 26. Rxf8+ Kxf8 27.
Qf1+ 1-0

[Event "SV Castrop-Rauxel 1 - Herforder SV Köni"]
[Site "NRW-Klass"]
[Date "2015.02.08"]
[Round "6"]
[White "Buddensiek, Uwe"]
[Black "Lucke, Thomas"]
[Result "1-0"]
[WhiteElo "2011"]
[BlackElo "1875"]
[PlyCount "31"]
[EventDate "2015.??.??"]
[WhiteTeam "SV Mülheim-Nord 2"]
[BlackTeam "SV Mülheim-Nord 2"]

1. d4 d5 2. c4 c6 3. Nf3 Nf6 4. Nbd2 e6 5. g3 Be7 6. Bg2 O-O 7. O-O b6 8. Qc2
Bb7 9. e4 dxe4 10. Nxe4 Nbd7 11. Rd1 Nxe4 12. Qxe4 Qc7 13. Bf4 Nf6 14. Qxh7+
Kxh7 15. Bxc7 c5 16. Ng5+ 1-0